[Event "EYCC 2024 - G16"]
[Site "?"]
[Date "2024.08.26"]
[Round "5.14"]
[White "Zdor, Viktoriia"]
[Black "Wojs, Alicja"]
[Result "1-0"]
[BlackElo "1953"]
[WhiteElo "1882"]
[LiveChessVersion "1.4.8"]

1. d4 {[%clk 1:30:57]} d5 {[%clk 1:30:55]} 2. c4 {[%clk 1:31:17]} e6
{[%clk 1:31:19]} 3. Nf3 {[%clk 1:31:34]} Nf6 {[%clk 1:31:43]} 4. g3
{[%clk 1:31:47]} Be7 {[%clk 1:32:06]} 5. Bg2 {[%clk 1:32:09]} O-O
{[%clk 1:31:49]} 6. O-O {[%clk 1:32:29]} dxc4 {[%clk 1:32:15]} 7. Qc2
{[%clk 1:32:38]} c5 {[%clk 1:28:43]} 8. dxc5 {[%clk 1:31:18]} Bxc5
{[%clk 1:26:53]} 9. Qxc4 {[%clk 1:31:22]} Nbd7 {[%clk 1:26:14]} 10. b4
{[%clk 1:27:54]} Be7 {[%clk 1:24:27]} 11. Rd1 {[%clk 1:25:44]} Ne5
{[%clk 1:18:26]} 12. Qb3 {[%clk 1:25:08]} Nxf3+ {[%clk 1:18:51]} 13. Bxf3
{[%clk 1:25:29]} Qb6 {[%clk 1:19:12]} 14. a3 {[%clk 1:24:03]} e5 {[%clk 1:12:47]}
15. Be3 {[%clk 1:21:19]} Qc7 {[%clk 1:11:16]} 16. Nc3 {[%clk 1:20:56]} Be6
{[%clk 1:08:52]} 17. Qb2 {[%clk 1:17:17]} a6 {[%clk 1:05:28]} 18. Rac1
{[%clk 1:16:38]} Qb8 {[%clk 0:57:46]} 19. Na4 {[%clk 0:55:53]} e4
{[%clk 0:45:26]} 20. Bg2 {[%clk 0:54:53]} b5 {[%clk 0:44:32]} 21. Bf4
{[%clk 0:50:31]} Qe8 {[%clk 0:42:00]} 22. Nc5 {[%clk 0:50:46]} Bxc5
{[%clk 0:40:39]} 23. bxc5 {[%clk 0:50:44]} Qc8 {[%clk 0:40:18]} 24. Be5
{[%clk 0:49:50]} Bf5 {[%clk 0:39:19]} 25. Bxf6 {[%clk 0:49:55]} gxf6
{[%clk 0:39:48]} 26. Qxf6 {[%clk 0:50:16]} Bg6 {[%clk 0:40:01]} 27. h4
{[%clk 0:49:26]} h5 {[%clk 0:37:12]} 28. Qg5 {[%clk 0:49:37]} Re8
{[%clk 0:35:09]} 29. Rd6 {[%clk 0:49:43]} Kh7 {[%clk 0:34:11]} 30. e3
{[%clk 0:49:09]} Ra7 {[%clk 0:27:33]} 31. Kh2 {[%clk 0:49:33]} Rg8
{[%clk 0:23:37]} 32. Bh3 {[%clk 0:49:47]} Qe8 {[%clk 0:20:38]} 33. Bf5
{[%clk 0:49:50]} Kg7 {[%clk 0:20:50]} 34. Rcd1 {[%clk 0:49:34]} Qe7
{[%clk 0:16:10]} 35. Qxe7 {[%clk 0:49:40]} Rxe7 {[%clk 0:16:35]} 36. Bxg6
{[%clk 0:50:02]} fxg6 {[%clk 0:17:00]} 37. Rxa6 {[%clk 0:50:09]} Rf8
{[%clk 0:15:46]} 38. Kg2 {[%clk 0:50:22]} Ref7 {[%clk 0:15:50]} 39. Rd2
{[%clk 0:50:43]} Rc8 {[%clk 0:14:40]} 40. Rc2 {[%clk 0:50:53]} Rfc7
{[%clk 0:14:54]} 41. c6 {[%clk 0:51:08]} Kf6 {[%clk 0:13:46]} 42. g4
{[%clk 0:51:29]} Re8 {[%clk 0:09:21]} 43. Kg3 {[%clk 0:51:37]} Re5
{[%clk 0:08:50]} 44. Rb6 {[%clk 0:51:26]} hxg4 {[%clk 0:08:01]} 45. Rb7
{[%clk 0:51:38]} Ree7 {[%clk 0:06:18]} 46. Rxc7 {[%clk 0:52:00]} Rxc7
{[%clk 0:06:44]} 47. Kxg4 {[%clk 0:52:22]} Ke6 {[%clk 0:02:46]} 48. Kg5
{[%clk 0:52:43]} Kf7 {[%clk 0:02:36]} 49. Kf4 {[%clk 0:53:06]} Ke6
{[%clk 0:01:55]} 50. Kxe4 {[%clk 0:53:31]} Kd6 {[%clk 0:02:16]} 51. Kf4
{[%clk 0:53:45]} Ke6 {[%clk 0:02:10]} 52. Kg5 {[%clk 0:54:04]} Kf7
{[%clk 0:02:33]} 53. f4 {[%clk 0:54:28]} Kg7 {[%clk 0:02:12]} 54. e4
{[%clk 0:54:48]} Kf7 {[%clk 0:01:47]} 55. f5 {[%clk 0:55:13]} gxf5
{[%clk 0:02:10]} 56. exf5 {[%clk 0:55:39]} Kg7 {[%clk 0:02:18]} 57. h5
{[%clk 0:56:00]} Kg8 {[%clk 0:02:23]} 58. f6 {[%clk 0:56:22]} Kh7
{[%clk 0:02:38]} 59. h6 {[%clk 0:56:43]} 1-0

[Event "EYCC 2024 - G16"]
[Site "?"]
[Date "2024.08.26"]
[Round "5.15"]
[White "Bat, Anu"]
[Black "Tomcaniova, Lucia"]
[Result "1-0"]
[BlackElo "1901"]
[WhiteElo "1948"]
[LiveChessVersion "1.4.8"]

1. d4 {[%clk 1:30:57]} d5 {[%clk 1:30:51]} 2. Nf3 {[%clk 1:31:19]} Nf6
{[%clk 1:31:14]} 3. e3 {[%clk 1:31:45]} c5 {[%clk 1:31:28]} 4. b3
{[%clk 1:28:26]} cxd4 {[%clk 1:31:42]} 5. exd4 {[%clk 1:28:50]} Nc6
{[%clk 1:31:54]} 6. Bb2 {[%clk 1:28:58]} Bf5 {[%clk 1:29:13]} 7. Bd3
{[%clk 1:27:11]} Bxd3 {[%clk 1:29:26]} 8. Qxd3 {[%clk 1:27:31]} Qa5+
{[%clk 1:26:52]} 9. c3 {[%clk 1:22:24]} e6 {[%clk 1:22:46]} 10. O-O
{[%clk 1:20:16]} Be7 {[%clk 1:13:45]} 11. Nbd2 {[%clk 1:16:44]} O-O
{[%clk 1:14:01]} 12. Ne5 {[%clk 1:16:07]} Ba3 {[%clk 0:59:17]} 13. Nec4
{[%clk 1:01:50]} dxc4 {[%clk 0:44:19]} 14. Nxc4 {[%clk 1:01:28]} Qa6
{[%clk 0:41:54]} 15. Bxa3 {[%clk 1:01:47]} Rfd8 {[%clk 0:39:06]} 16. Bb2
{[%clk 0:55:45]} b5 {[%clk 0:35:56]} 17. Nd2 {[%clk 0:46:24]} Qb6
{[%clk 0:27:31]} 18. Nf3 {[%clk 0:36:32]} e5 {[%clk 0:24:48]} 19. Qe2
{[%clk 0:36:01]} exd4 {[%clk 0:24:18]} 20. Nxd4 {[%clk 0:34:54]} Nxd4
{[%clk 0:23:47]} 21. cxd4 {[%clk 0:35:22]} Rd5 {[%clk 0:18:48]} 22. Qf3
{[%clk 0:31:42]} Rad8 {[%clk 0:18:10]} 23. Rfe1 {[%clk 0:31:18]} Qb7
{[%clk 0:12:13]} 24. Re5 {[%clk 0:30:09]} R5d7 {[%clk 0:08:39]} 25. Qxb7
{[%clk 0:27:06]} Rxb7 {[%clk 0:09:03]} 26. Rc1 {[%clk 0:27:00]} h6
{[%clk 0:07:39]} 27. h3 {[%clk 0:27:19]} Rd5 {[%clk 0:04:34]} 28. Rc5
{[%clk 0:24:37]} Rxe5 {[%clk 0:04:01]} 29. dxe5 {[%clk 0:22:40]} Nd7
{[%clk 0:02:48]} 30. Rd5 {[%clk 0:22:26]} Kf8 {[%clk 0:01:50]} 31. f4
{[%clk 0:21:40]} Ke7 {[%clk 0:01:20]} 32. Kf2 {[%clk 0:21:07]} h5
{[%clk 0:01:01]} 33. g4 {[%clk 0:21:07]} hxg4 {[%clk 0:01:26]} 34. hxg4
{[%clk 0:21:35]} g6 {[%clk 0:01:20]} 35. Kf3 {[%clk 0:21:00]} Rb6
{[%clk 0:01:13]} 36. Ke4 {[%clk 0:15:29]} Ra6 {[%clk 0:01:03]} 37. a3
{[%clk 0:15:39]} Rb6 {[%clk 0:01:11]} 38. Bc3 {[%clk 0:15:33]} Ke8
{[%clk 0:00:44]} 39. Bb4 {[%clk 0:14:31]} Nb8 {[%clk 0:00:34]} 40. Bd6
{[%clk 0:12:39]} Nc6 {[%clk 0:00:40]} 41. f5 {[%clk 0:11:36]} gxf5+
{[%clk 0:00:45]} 42. gxf5 {[%clk 0:12:00]} Rb7 {[%clk 0:00:46]} 43. Rc5
{[%clk 0:11:24]} Kd7 {[%clk 0:00:43]} 44. Kd5 1-0

[Event "EYCC 2024 - G16"]
[Site "?"]
[Date "2024.08.26"]
[Round "5.16"]
[White "Sikorova, Jana"]
[Black "Bruntse, Kathrine Lindegaard"]
[Result "1-0"]
[BlackElo "1945"]
[WhiteElo "1790"]
[LiveChessVersion "1.4.8"]

1. d4 {[%clk 1:30:56]} d5 {[%clk 1:30:53]} 2. c4 {[%clk 1:31:21]} c6
{[%clk 1:31:19]} 3. Nf3 {[%clk 1:31:44]} Nf6 {[%clk 1:31:41]} 4. Nc3
{[%clk 1:32:09]} e6 {[%clk 1:32:02]} 5. Bg5 {[%clk 1:32:33]} Nbd7
{[%clk 1:32:16]} 6. e3 {[%clk 1:32:55]} Qa5 {[%clk 1:32:32]} 7. cxd5
{[%clk 1:33:10]} exd5 {[%clk 1:32:29]} 8. Bd3 {[%clk 1:33:16]} Bb4
{[%clk 1:29:59]} 9. Qc2 {[%clk 1:33:08]} h6 {[%clk 1:28:57]} 10. Bh4
{[%clk 1:33:26]} O-O {[%clk 1:26:56]} 11. O-O {[%clk 1:33:19]} Re8
{[%clk 1:25:15]} 12. Rac1 {[%clk 1:31:08]} Bxc3 {[%clk 1:09:59]} 13. bxc3
{[%clk 1:30:57]} c5 {[%clk 1:02:25]} 14. Nd2 {[%clk 1:24:40]} c4 {[%clk 0:58:18]}
15. Be2 {[%clk 1:23:14]} b5 {[%clk 0:53:54]} 16. Rb1 {[%clk 1:19:30]} Ne4
{[%clk 0:48:48]} 17. Nxe4 {[%clk 1:15:57]} dxe4 {[%clk 0:48:27]} 18. a4
{[%clk 1:11:11]} Ba6 {[%clk 0:36:32]} 19. axb5 {[%clk 1:09:07]} Bxb5
{[%clk 0:36:43]} 20. Ra1 {[%clk 1:06:56]} Qc7 {[%clk 0:34:08]} 21. Rfb1
{[%clk 1:06:11]} a6 {[%clk 0:31:51]} 22. Rb4 {[%clk 1:03:08]} Nb6
{[%clk 0:30:08]} 23. Bg3 {[%clk 1:01:15]} Qc6 {[%clk 0:28:28]} 24. Ra3
{[%clk 0:55:47]} Nd5 {[%clk 0:25:52]} 25. Rb1 {[%clk 0:54:37]} Rad8
{[%clk 0:24:38]} 26. Be5 {[%clk 0:46:13]} f6 {[%clk 0:19:51]} 27. Bg3
{[%clk 0:44:28]} Qe6 {[%clk 0:18:18]} 28. Bh5 {[%clk 0:42:29]} Rf8
{[%clk 0:17:37]} 29. Qe2 {[%clk 0:41:03]} f5 {[%clk 0:16:25]} 30. Qd1
{[%clk 0:36:28]} g6 {[%clk 0:14:28]} 31. Be2 {[%clk 0:34:30]} Qe7
{[%clk 0:14:06]} 32. Rba1 {[%clk 0:33:02]} g5 {[%clk 0:10:27]} 33. Bh5
{[%clk 0:30:03]} Kh7 {[%clk 0:07:21]} 34. Be5 {[%clk 0:29:24]} Nf6
{[%clk 0:06:23]} 35. Bxf6 {[%clk 0:28:37]} Rxf6 {[%clk 0:06:32]} 36. Be2
{[%clk 0:27:14]} Qd6 {[%clk 0:06:26]} 37. R3a2 {[%clk 0:25:42]} Qd5
{[%clk 0:04:35]} 38. Qd2 {[%clk 0:24:18]} Rg8 {[%clk 0:04:22]} 39. Bd1
{[%clk 0:23:41]} Kh8 {[%clk 0:03:39]} 40. Ba4 {[%clk 0:23:07]} Rb8
{[%clk 0:02:23]} 41. Bxb5 {[%clk 0:22:18]} Rxb5 {[%clk 0:02:34]} 42. g3
{[%clk 0:21:36]} a5 {[%clk 0:02:34]} 43. Ra4 {[%clk 0:21:22]} Ra6
{[%clk 0:01:42]} 44. Qa2 {[%clk 0:21:01]} Rb3 {[%clk 0:01:51]} 45. Rxa5
{[%clk 0:19:27]} Rxa5 {[%clk 0:01:06]} 46. Qxa5 {[%clk 0:19:39]} Qxa5
{[%clk 0:00:57]} 47. Rxa5 {[%clk 0:20:04]} Rxc3 {[%clk 0:01:16]} 48. Rxf5
{[%clk 0:20:11]} Rd3 {[%clk 0:01:19]} 49. Rc5 {[%clk 0:19:20]} c3
{[%clk 0:01:32]} 50. Rc7 {[%clk 0:19:19]} Kg8 {[%clk 0:01:13]} 51. g4
{[%clk 0:17:28]} Kf8 {[%clk 0:01:05]} 52. h4 {[%clk 0:15:08]} Kg8
{[%clk 0:00:44]} 53. hxg5 {[%clk 0:15:23]} hxg5 {[%clk 0:01:07]} 54. Kg2
{[%clk 0:15:44]} Kf8 {[%clk 0:01:05]} 55. Kg3 {[%clk 0:16:04]} Kg8
{[%clk 0:01:07]} 56. Rc5 {[%clk 0:16:07]} Kf7 {[%clk 0:01:20]} 57. Rxg5
{[%clk 0:16:22]} c2 {[%clk 0:01:21]} 58. Rc5 {[%clk 0:16:48]} Rd2
{[%clk 0:01:37]} 59. Kf4 {[%clk 0:15:54]} Rxf2+ {[%clk 0:01:56]} 60. Kxe4
{[%clk 0:16:17]} Rd2 {[%clk 0:01:48]} 61. Rc6 {[%clk 0:15:40]} Kg7
{[%clk 0:01:54]} 62. d5 {[%clk 0:14:41]} Kf7 {[%clk 0:01:58]} 63. Ke5
{[%clk 0:14:34]} Ke7 {[%clk 0:02:12]} 64. e4 {[%clk 0:14:40]} Kd7
{[%clk 0:02:20]} 65. g5 {[%clk 0:14:37]} Rg2 {[%clk 0:02:22]} 66. g6
{[%clk 0:14:26]} Rxg6 {[%clk 0:00:48]} 67. Rxc2 {[%clk 0:14:50]} Rd6
{[%clk 0:01:00]} 68. Rh2 {[%clk 0:14:53]} Rg6 {[%clk 0:01:01]} 69. Rc2
{[%clk 0:14:58]} Rd6 {[%clk 0:01:15]} 70. Rc6 {[%clk 0:15:03]} Rxc6
{[%clk 0:01:24]} 71. dxc6+ {[%clk 0:15:28]} Kxc6 {[%clk 0:01:49]} 72. Ke6
{[%clk 0:15:47]} 1-0